000 00739nam a2200205 a 4500
005 20140412111408.0
008 061208s19uu xx 00 eng d
020 _a0-590-02928-2
050 _aTR(GS 372.11
_bH11 2001
100 _aHayes, Kathleen
245 _aClassroom routines that really work for prek and kindergarten :
_bA bank street teacher resource /
_cKathleen Hayes.
260 _aUSA :
_bScholastic,
_c2001.
300 _a116
440 _aScholastic teaching strategies
500 _aPrek - K
520 _aDozens of routines that set the stage for children's literacy and help them feel at home in the classroom.
650 _aClassroom management - handbooks,manual
700 _aCreange, Renee'
999 _c105592
_d105592